| 000 | 01151nac a2200349 a 4500 | ||
|---|---|---|---|
| 003 | CO-PeBPM | ||
| 005 | 20260312172031.0 | ||
| 007 | ta | ||
| 008 | 240524s2008 ck 000 0 spa d | ||
| 020 | _a9589513905 | ||
| 040 |
_aCO-PeBPM _bspa _cCO-PeBPM _erda |
||
| 041 | _aspa | ||
| 082 | 0 | 4 |
_a170 H821et _222 |
| 100 | 1 |
_aHorta Vásquez, Edwin de J. _eautor |
|
| 245 | 1 | 0 |
_aÉtica general _c/ Edwin de J. Horta Vásquez y Víctor Rodríguez Gallón |
| 260 | _bPresencia | ||
| 264 |
_aBogotá, Colombia: _b: Ediciones Universidad Católica de Colombia _b; Ecoe Ediciones _c, 2008 |
||
| 300 |
_a234 páginas _c24 centimetros |
||
| 336 |
_2rdacontent _atexto _btxt |
||
| 337 |
_2rdamedia _asin mediación _bn |
||
| 338 |
_2rdacarrier _avolumen _bnc |
||
| 500 | _aIncluye índice y glosario | ||
| 500 | _aContiene datos biográficos de los autores en la solapa del texto | ||
| 504 | _aBibliografía: p. 233-234 | ||
| 650 | 1 | 7 |
_aÉtica _2LEMB |
| 650 | 1 | 7 |
_aBien y mal _2LEMB |
| 650 | 1 | 7 |
_aEscuelas filosóficas _2LEMB |
| 650 | 1 | 7 |
_afelicidad _2LEMB |
| 650 | 1 | 7 |
_aVirtudes _2LEMB |
| 700 |
_aRodríguez G., Víctor _ecoutor |
||
| 942 |
_2ddc _n0 _cBK |
||
| 999 |
_c107215 _d107215 |
||